00808nam a2200241 a 450000100100000000500170001000800410002702000150006802000180008304000250010108200260012611000270015224000190017924500700019825000230026826000500029130000210034150000330036250000730039565000420046865000330051070000230054300000598720200929151855.0090825s2000 dr 001 0 spa d a9993444006 a9789993444008 aDO-SdBNPbspacBNPHU a346.7293bR426c, 20001 aRepública Dominicana10aCódigo civil10aCódigo civil de la República Dominicana /cJuan Pablo Acosta. a3a ed. de bolsillo aMoca, República Dominicana :bDalis,c2000. a500 p. ;c15 cm. aIncluye índice analítico aIncluye referencias bibliográficas y notas al pie de las páginas 4aDerecho civilzRepública Dominicana 4aDerecho civilxLegislación1 aAcosta, Juan Pablo